| 000 | 01465cam a22003737a 4500 | ||
|---|---|---|---|
| 003 | CHAP | ||
| 005 | 20220817044143.0 | ||
| 008 | 070314s2006 mx r 00010 spa d | ||
| 010 | _a93396 | ||
| 011 | _a94368 | ||
| 035 | _a104956 | ||
| 040 | _cCHAP | ||
| 090 | _aCD-136 (2006) | ||
| 110 | 2 |
_aInstituto Nacional de Estadística, Geografía e Informática. México _959304 |
|
| 245 | 1 | 3 |
_aSistema para la consulta de información del sector alimentario en México (SESAM 2006) (disco compacto) _cpor Instituto Nacional de Estadística, Geografía e Informática |
| 260 |
_aAguascalientes. Ags. : _bInstituto Nacional de Estadística, Geografía e Informática, _c2006. |
||
| 300 | _a1 disco compacto 4 3/4 plgs. | ||
| 590 |
_aBATCH-UPD _b10 _c20130110 _lUCH01 _h0223 |
||
| 590 |
_aBATCH-UPD _b10 _c20130110 _lUCH01 _h1445 |
||
| 590 |
_aBATCH-UPD _b10 _c20130409 _lUCH01 _h2245 |
||
| 590 |
_aBATCH-UPD _b10 _c20130410 _lUCH01 _h1036 |
||
| 590 |
_aBATCH-UPD _b10 _c20130914 _lUCH01 _h0212 |
||
| 590 |
_aCONVERSION _b10 _c20130109 _lUCH01 _h1352 |
||
| 650 | 1 | 4 |
_aAgricultura _xEstadisticas _zMexico. |
| 650 | 1 | 4 |
_aAlimentos _xEstadísticas. _94219 |
| 650 | 1 | 4 |
_aCrédito agrícola _xEstadísticas. _929054 |
| 650 | 1 | 4 |
_aCultivos _xEstadísticas. _930269 |
| 650 | 1 | 4 |
_aGanado _xEstadísticas. _944913 |
| 650 | 1 | 4 |
_aSeguro agrícola _xEstadísticas. _9103702 |
| 901 | _aBK | ||
| 905 | _aLilia | ||
| 942 | _cCD | ||
| 949 |
_aCD-136 (2006) _bBC _cCD _d33724002023850 _eCD _i104956 _sb |
||
| 999 |
_c93396 _d93396 |
||